书目信息 |
| 题名: |
水利水电工程移民检测评估
|
|
| 作者: | 李文义 著 | |
| 分册: | ||
| 出版信息: | 北京 中国水利水电出版社 2007.06 |
|
| 页数: | 149页 | |
| 开本: | 24cm | |
| 丛书名: | ||
| 单 册: | ||
| 中图分类: | D632.4 | |
| 科图分类: | ||
| 主题词: | 水利工程--移民--监测--中国--干部教育--教材 | |
| 电子资源: | ||
| ISBN: | 978-7-5084-4234-1 | |
| 000 | 00830nam 0000229 | |
| 001 | 594195 | |
| 005 | 20100813153558.76 | |
| 010 | @a978-7-5084-4234-1@dCNY25.00 | |
| 100 | @a20100515d1997 em y0chiy0121 ea | |
| 101 | @achi | |
| 102 | @aCN@b110000 | |
| 105 | @ay z 000yy | |
| 200 | 10 | @a水利水电工程移民检测评估@Ashui li shui dian gong cheng yi min jian ce ping gu@f李文义著@Fli wen yi zhu |
| 210 | @a北京@c中国水利水电出版社@d2007.06 | |
| 215 | @a149页@d24cm | |
| 300 | @a水利水电工程移民干部培训教材 | |
| 330 | @a本书主要内容包括:移民检测评估概述、移民监测评估的原则和依据、移民监测评估的范围及程序、移民监测评估组织机构与管理、移民监测评估的内容等。 | |
| 606 | 0 | @a水利工程@x移民@x监测@y中国@x干部教育@x教材 |
| 690 | @aD632.4@v4 | |
| 701 | 0 | @a李文义@Ali wen yi@4著 |
| 801 | @aCN@c20100515 | |
| 905 | @dD632.4@eL280@f3 | |
| 水利水电工程移民检测评估/李文义著.-北京:中国水利水电出版社,2007.06 |
| 149页;24cm |
| 水利水电工程移民干部培训教材 |
| ISBN 978-7-5084-4234-1:CNY25.00 |
| 本书主要内容包括:移民检测评估概述、移民监测评估的原则和依据、移民监测评估的范围及程序、移民监测评估组织机构与管理、移民监测评估的内容等。 |
| ● |
| 相关链接 |
|
|
|
正题名:水利水电工程移民检测评估
索取号:D632.4/L280
 
预约/预借
| 序号 | 登录号 | 条形码 | 馆藏地/架位号 | 状态 | 备注 |
| 1 | 1028151 | 210281513 | 社科库509/422社科库 41排1列2层/ [索取号:D632.4/L280] | 在馆 | |
| 2 | 1028152 | 210281522 | 社科库509/422社科库 41排1列2层/ [索取号:D632.4/L280] | 在馆 | |
| 3 | 1028153 | 210281531 | 社科库509/422社科库 41排1列2层/ [索取号:D632.4/L280] | 在馆 |